| 000 | 01026nam a22001457a 4500 | ||
|---|---|---|---|
| 008 | 140917b xxu||||| |||| 00| 0 eng d | ||
| 050 | _aKD2155.R4 D6 | ||
| 100 | _aDoyle, Louis G | ||
| 245 |
_aAdministrative receivership: law and practice/ _cLouis G. Doyle. |
||
| 250 | _a1st ed. | ||
| 260 |
_aLondon, _bFT law and Tax: _c1995. |
||
| 300 |
_axxxix,433p. _c20cm. |
||
| 505 | _aContents: The legal nature of administrative receivership -- The commercial nature of administrative receivership -- The debenture holder's security:1 -- The debenture holder's security:2 -- The appointment of the administrative receiver -- Appointment validity considerations:1 -- Appointment validity consideration:2 -- The powers of the administrative receiver -- The duties of the administrative receiver -- Liabilities of the administrative receiver -- Conduct of the administrative receivership: procedural formalities and court practice -- Assets and liabilities -- Specific transactions and miscellaneous problems -- Index. | ||
| 942 |
_2lcc _cBK |
||
| 999 |
_c4946 _d12446 |
||